<?xml version="1.0" encoding="UTF-8"?>
<collection xmlns="http://www.loc.gov/MARC21/slim">
 <record>
  <leader>     na                 </leader>
  <controlfield tag="001">INLIS000000000009419</controlfield>
  <controlfield tag="005">20221104082744</controlfield>
  <datafield tag="035" ind1=" " ind2=" ">
   <subfield code="a">0010-0520009419</subfield>
  </datafield>
  <controlfield tag="008">221104                |          | ind  </controlfield>
  <datafield tag="020" ind1=" " ind2=" ">
   <subfield code="a">9789790760493</subfield>
  </datafield>
  <datafield tag="041" ind1=" " ind2=" ">
   <subfield code="a">ind</subfield>
  </datafield>
  <datafield tag="082" ind1=" " ind2=" ">
   <subfield code="a">346</subfield>
  </datafield>
  <datafield tag="084" ind1=" " ind2=" ">
   <subfield code="a">346 BEN h</subfield>
  </datafield>
  <datafield tag="100" ind1="0" ind2=" ">
   <subfield code="a">Beni Ahmad Saebani</subfield>
  </datafield>
  <datafield tag="700" ind1="0" ind2=" ">
   <subfield code="a">Syamsul Falah</subfield>
  </datafield>
  <datafield tag="245" ind1="1" ind2=" ">
   <subfield code="a">Hukum perdata Islam di Indonesia /</subfield>
   <subfield code="c">Beni Ahmad Saebani</subfield>
  </datafield>
  <datafield tag="260" ind1=" " ind2=" ">
   <subfield code="a">Bandung :</subfield>
   <subfield code="b">Pustaka Setia,</subfield>
   <subfield code="c">2011</subfield>
  </datafield>
  <datafield tag="300" ind1=" " ind2=" ">
   <subfield code="a">310 p. ; 24 cm. ;</subfield>
   <subfield code="c">24 cm.</subfield>
  </datafield>
  <datafield tag="520" ind1=" " ind2=" ">
   <subfield code="a">Buku hukum perdata Islam ini pembahasannya memfokuskan kepada empat materi penting dalam hukum perdata Indonesia, yaitu: 1). Kajian hukum perdata yang berkaitan dengan perkawinan dan menguraikan secara panjang lebar semua masalah yang berhubungan dengan perkawinan, baik dalam perspektif hukum Islam maupun perspektif UU No. 1 Tahun 1974 tentang perkawinan; 2). Dalam pembahasan mengenai perkawinan dalam perspektif hukum Islam, buku ini menelaah alasan-alasan batalnya perkawinan, alasan poligami, dan prosedur yang harus ditempuh bagi suaminya yang bermaksud poligami sehingga buku ini menjadi petunjuk yang mempermudah melaksanakan poligami sesuai dengan kehendak Alloh dan Rasululloh SAW, juga sesuai dengan kehendak perundang-undangan yang berlaku, tidak terkecuali bagi Pegawai Negeri SIpil; 3). Buku ini menguraikan secara mendalam sistem kewarisan Islam menurut Undang-Undang dan Kompilasi Hukum Islam, yang berhubungan dengan ahli waris berikut bagian-bagiannya; 4) Dalam buku ini dikupas materi yang sangat penting yang telah diatur oleh Undang-Undang sebagaimana terdapat pula dalam kompilasi hukum Islam, yakni hibah, wasiat, wakaf dan peraturan yang berkaitan dengan perwakafan di Indonesia.</subfield>
  </datafield>
  <datafield tag="650" ind1=" " ind2="4">
   <subfield code="a">Islamic law-Indonesia; Civil law-Indonesia</subfield>
  </datafield>
  <datafield tag="650" ind1=" " ind2="4">
   <subfield code="a">Marriage (Islamic law)-Indonesia.</subfield>
  </datafield>
  <datafield tag="650" ind1=" " ind2="4">
   <subfield code="a">Inheritance and succession (Islamic law)-Indonesia.</subfield>
  </datafield>
  <datafield tag="990" ind1=" " ind2=" ">
   <subfield code="a">21353/MKRI-P/XI-2011</subfield>
  </datafield>
  <datafield tag="990" ind1=" " ind2=" ">
   <subfield code="a">21354/MKRI-P/XI-2011</subfield>
  </datafield>
  <datafield tag="990" ind1=" " ind2=" ">
   <subfield code="a">21355/MKRI-P/XI-2011</subfield>
  </datafield>
  <datafield tag="990" ind1=" " ind2=" ">
   <subfield code="a">21354/MKRI-P/XI-2011</subfield>
  </datafield>
  <datafield tag="990" ind1=" " ind2=" ">
   <subfield code="a">21353/MKRI-P/XI-2011</subfield>
  </datafield>
  <datafield tag="990" ind1=" " ind2=" ">
   <subfield code="a">21355/MKRI-P/XI-2011</subfield>
  </datafield>
  <datafield tag="990" ind1=" " ind2=" ">
   <subfield code="a">21355/MKRI-P/XI-2011</subfield>
  </datafield>
  <datafield tag="990" ind1=" " ind2=" ">
   <subfield code="a">21353/MKRI-P/XI-2011</subfield>
  </datafield>
  <datafield tag="990" ind1=" " ind2=" ">
   <subfield code="a">21354/MKRI-P/XI-2011</subfield>
  </datafield>
  <datafield tag="990" ind1=" " ind2=" ">
   <subfield code="a">21353/MKRI-P/XI-2011</subfield>
  </datafield>
  <datafield tag="990" ind1=" " ind2=" ">
   <subfield code="a">21354/MKRI-P/XI-2011</subfield>
  </datafield>
  <datafield tag="990" ind1=" " ind2=" ">
   <subfield code="a">21355/MKRI-P/XI-2011</subfield>
  </datafield>
 </record>
</collection>
